| 000 | 00823nam a2200241Ia 4500 | ||
|---|---|---|---|
| 003 | OSt | ||
| 005 | 20250307111436.0 | ||
| 008 | 210716s2012 xx 000 0 und d | ||
| 020 | _a9789381141786 | ||
| 040 | _cAIMIT LIBRARY | ||
| 041 | _aeng | ||
| 082 |
_a658.4062 _21 _bDUTB |
||
| 100 |
_aDutta, Bholanath. _9204752 |
||
| 245 |
_aKnowledge management: _btext and cases / _cBy Bholanath Dutta ; B Rose Kavitha and B Shivraj. |
||
| 250 | _a1st ed. | ||
| 260 |
_aNew Delhi ; _bI K International Publishing House Pvt Ltd : _c2012. |
||
| 300 |
_axiv,289p. ; _bPB _c24 cm. |
||
| 650 |
_aKnowledge cration and knowledge architecture _9204753 |
||
| 650 |
_aGlobal dimension to knowledge management _9204754 |
||
| 700 |
_aKavitha, B Rose. _9204755 |
||
| 700 |
_aShivraj B. _9204756 |
||
| 942 |
_2ddc _cBK _e1st ed. _k658.4062 DUTB |
||
| 999 |
_c194143 _d194143 |
||